000
00334nam a22001457a 4500
003
SGT
020
_a
9788184576078
082
_a
362.4,SIN
100
_a
SINGH DOLLY
245
_a
DISBILITY AND SPECIAL NEEDS
260
_a
NEW DELHI
_b
KANISHKA PUB.
_c
2023
300
_a
241
650
_a
SOCIAL PROBLEMS SERVICES
942
_2
ddc
_c
BK
999
_c
26660
_d
26660